LEADER 01163nam--2200373---450- 001 990001258360203316 005 20031113085322.0 010 $a88-7890-105-9 035 $a000125836 035 $aUSA01000125836 035 $a(ALEPH)000125836USA01 035 $a000125836 100 $a20031113d1993----km-y0itay0103----ba 101 0 $aita 102 $aIT 105 $aa|||||||001yy 200 1 $aFondamenti e applicazioni di geometria descrittiva$edalla genesi percettiva dei procedimenti proiettivi alla loro applicazione nella rappresentazione architettonica$fRoberto De Rubertis 210 $aRoma$cKappa$dcopyr. 1993 215 $a172 p.$cill.$d30 cm 410 0$12001 454 1$12001 461 1$1001-------$12001 606 0 $aGeometria descrittiva 676 $a516.6 700 1$aDE RUBERTIS,$bRoberto$0327536 801 0$aIT$bsalbc$gISBD 912 $a990001258360203316 951 $a516.6 DER$b9302 Ing$c516.6 959 $aBK 969 $aTEC 979 $aSIAV5$b10$c20031113$lUSA01$h0853 979 $aPATRY$b90$c20040406$lUSA01$h1730 996 $aFondamenti e applicazioni di geometria descrittiva$9986492 997 $aUNISA LEADER 00694nam0-2200253 --450 001 9910800399403321 005 20240205110719.0 100 $a20240205d1923----kmuy0itay5050 ba 101 0 $aeng 102 $aUS 105 $aa 000yy 200 1 $a<> manual for spraying$fK. L. Cockerham 210 $aNew York$cThe MacMillan Company$d1923 215 $axi, 87 p.$cill.$d20 cm 610 0 $aAntiparassitari 676 $a632.9$v20$zita 700 1$aCockerham,$bK. L.$01587768 801 0$aIT$bUNINA$gREICAT$2UNIMARC 901 $aBK 912 $a9910800399403321 952 $aA PAT 1283$b1293/2024$fFAGBC 959 $aFAGBC 996 $aManual for spraying$93876203 997 $aUNINA